Venezuela en el Mercosur: ¿tiene ventajas comparativas? /

محفوظ في:
التفاصيل البيبلوغرافية
المؤلف الرئيسي: Mendoza, Carolina
التنسيق: نص
الموضوعات:
الوسوم: إضافة وسم
لا توجد وسوم, كن أول من يضع وسما على هذه التسجيلة!

MARC

LEADER 00000 a a2200000 04500
001 44875
003
040
100 |a Mendoza, Carolina  
245 |a Venezuela en el Mercosur:  |b  ¿tiene ventajas comparativas? /  |c Carolina Mendoza  
650 |a INTEGRACION ECONOMICA  
650 |a MERCOSUR  
650 |a COMERCIO INTERNACIONAL  
650 |a INDICADORES ECONOMICOS  
650 |a COMPETITIVDAD  
650 |a VENEZUELA  
773 |g páginas 227-242  
999 |c 21743  |d 21743